1764 1466 1775 1440 1453 1390 1392 1687 1024 1657 1444 1541 1311 1153 1306 1301 1101 1295 1439 1723 1077 1568 1036 1006 1691 1535 1302 1143 1393 1035 1453 1770 1104 1431 1802 1436 1267 1349 1259 1364 1019 1085 1975 1935 1526 1068 1306 1534 1905 1954 1118 1586 1393 1689 1291 1602 1952 1633 1917 1294 1537 1422 1201 1253 1921 1812 1596 1424 1332 1641 1165 1936 1930 1043 1136 1288 1701 1517 1666 1006 1978 1625 1215 1562 1162 1172 1445 1445 1677 1220 1827 1487 1218 1428 1776 1469 1253 1327 1142 BCNSPRNW ULIB Ver.6.0+V

เปลี่ยนเป็นภาษาไทย

Change to English
 แสดงรายละเอียดบรรณานุกรม
  กลับหน้าหลัก

Brief Record : Get Marc (ISO 2709) : E-mail record : QR code < ปิดหน้าต่าง
LEADER : 00000nam 2200000uu 4500
001    13399111934
003     ULIB
008    110712s2550||||th 000 0 tha d
020    9789747113662
050  4 E340^bร699ค 2550
100 1  รุสโซ, ฌ็อง-ฌ้ากส์,^d1712-1778.
245 10 คำสารภาพ : เล่มที่หนึ่งและเล่มที่สอง /^cฌ็อง-ฌ้ากส์ รุสโซ; พาชื่น องค์วรรณดี, ผู้แปลเล่มที่หนึ่ง ; นพพร ประชากุล, บรรณาธิการแปล ; รัตนสุดา กิตติก้องนภางค์, ผู้แปลเล่มที่สอง; ธรณินทร์ มีเพียร, บรรณาธิการแปล
246 15 Les confessions (livres I et II)
250    พิมพ์ครั้งที่ 1
260    กรุงเทพฯ :^bโครงการจัดพิมพ์คบไฟ,^c2550
300    147 หน้า :^bภาพประกอบ ;^c21ซม.
600 10 รุสโซ, ฌ็อง-ฌ้ากส์,^d1712-1778^xชีวประวัติ
650  7 วรรณกรรมฝรั่งเศส
700 0  พาชื่น องค์วรรณดี,^eผู้แปลเล่มที่หนึ่ง
700 0  ประชากุล,^eบรรณาธิการแปล
700 0  รัตนสุดา กิตติก้องนภางค์,^eผู้แปลเล่มที่สอง
700 0  ธรณินทร์ มีเพียร,^eบรรณาธิการแปล
945    ^p155^l0^i021605
995    ทศพร
999 ^a ใช้งานได้ทุกระบบ
รายการนี้ยังไม่มีแท็ก
คุณยังไม่ได้ล็อกอิน คุณสามารถมีกิจกรรมร่วมกับเว็บไซต์ได้ แต่ต้องล็อกอินก่อน ::
  ล็อกอิน

รายการสื่อสารสนเทศ

ลำดับที่ ประเภท เลขเรียก/บาร์โค้ด สถานที่ สถานะ
- ไม่พบข้อมูล -

BibComment


ยังไม่เคยถูกคอมเมนท์

คอมเมนท์ทรัพยากรรายการนี้
  คอมเมนท์: คำสารภาพ เล่มที่..


 Copyright 2026. Bcnsprnw @Library